| RUSMARC |
| 000 | | | 04625nmc2a2200000 x 450 | | 001 | | | 9ab5a892-4cd0-48f1-b67c-99c6cf53647c | | 005 | | | 20170426010044.0 | | 100 | ## | $a | 20141020l18531854k l0rusy0189 ca | | 101 | 0# | $a | rus | | 102 | ## | $a | RU | | 200 | 1# | $a | Дело о приеме в Варшавский дворянский институт казеннокоштных воспитанников | | | $j | 31 октября 1853 г. - 11 октября 1854 г. | | 251 | ## | $c | Дело | | 300 | ## | $a | Дело | | 300 | ## | $a | Ориг. заголовок дела: Дело о помещении в Варшавский благородный институт на казенное содержание: в 1853 году - Краузе, Грабовского, Бекановского, Милковского, Цешинского; в 1854 году - Томчицкого, Свенцицского, Роговского, Глебовича, Мариевского, Зайончковского, Варылкевича, Левшина, Дроздовича, Пронетко, Слонке, Мисевича, Жучковского, Свитевского. 31 октября 1853 г. - 11 октября 1854 г | | 801 | #0 | $a | RU | | | $b | РГИА | | | $c | 20141020 | | | $g | RCR | | 801 | #1 | $a | RU | | | $b | ГлавНИВЦ | | | $c | 20141020 | | | $2 | rusmarc | | 801 | #2 | $a | RU | | | $b | ПБ им. Б.Н. Ельцина | | | $c | 20170426 | | | $g | RCR | | | $2 | rusmarc | | 850 | ## | $a | РГИА | | 852 | ## | $a | РГИА | | | $e | Федеральное казенное учреждение "Российский государственный исторический архив" (РГИА) | | | $j | 394 | | 937 | ## | $h | РГИА | | | $d | 11182536 | | | $a | ASBIBLIO_SCAN | | 462 | #0 | $1 | 0015a39e5d3-dc69-4a86-ab96-9d2e08e41784 | | | $1 | 2001 | | | $a | Дела Департамента народного просвещения по Варшавскому учебному округу | | | $1 | 251 | | | $c | Опись | | | $1 | 852 | | | $j | 77 | | 461 | #0 | $1 | 001a74412a3-3cc5-4d21-8f0a-dfe2fbd9e72d | | | $1 | 2001 | | | $a | Департамент народного просвещения Министерства народного просвещения (1803-1917) | | | $1 | 251 | | | $c | Фонд | | | $1 | 852 | | | $j | 733 | | 215 | ## | $a | 51 л. | | | $d | 36,5x26 см | | 371 | ## | $a | Документ не является опубликованным и широко распространяемым | | 105 | ## | $a | y### | | 122 | 2# | $a | d | | 517 | 1# | $a | Дело о помещении в Варшавский благородный институт на казенное содержание: в 1853 году - Краузе, Грабовского, Бекановского, Милковского, Цешинского; в 1854 году - Томчицкого, Свенцицского, Роговского, Глебовича, Мариевского, Зайончковского, Варылкевича, Левшина, Дроздовича, Пронетко, Слонке, Мисевича, Жучковского, Свитевского. 31 октября 1853 г. - 11 октября 1854 г | | 035 | ## | $a | 9ab5a892-4cd0-48f1-b67c-99c6cf53647c | | 856 | ## | $u | http://readingroom.main.prlib.ru/item.aspx?id_node=n97660496&mode=full |
|